000 00889nam a22002177a 4500
005 20240530110903.0
008 220214s ua g 000 0 ara d
017 _bمصر. دار الكتب
040 _aEG-CaGPL
_cEG-CaGPL
082 0 4 _221
_a323.352/
_bك د
100 1 _aكواست ، اليزابيث
245 1 0 _aدراسة الامين العام للامم المتحدة بشان العنف ضد الاطفال :
_bالنسخة المبسطة /
_cاليزابيث كواست ، صوفى لاوس ؛ ترجمة مالك قطينة
250 _aط. 1
260 _aالقاهرة :
_bالمجلس القومى للطفولة والامومة
300 _a59 ص. ؛
_c24 سم
650 0 7 _2qrmak
_aالعنف
650 0 7 _2qrmak
_aالعنف ضد الاطفال
700 0 _aمالك قطينة
_eمترجم
942 _2ddc
_cBK
999 _c66174
_d66174